000 00372 a2200157 4500
001 164702
020 _a
040 _cMagnum
100 _aRocha, Ruth
240 1 0 _aDois idiotas sentados cada qual no seu barril ...
_lpor
245 1 0 _aDois idiotas sentados cada qual no seu barril ...
362 0 _a1899
440 1 _aÁtica
697 _aIJ/CRITICA
942 _cBK
999 _c164702
_d164702